000 00479pam a2200169 a 4500
020 _a8123903642
_c895.00
041 _aeng
_hNULL
082 _a618.047543
_bKUR
100 _aKURIAK, A .
245 _aAN ATLAS OF ULTRASONOGRAPHY IN OBSTETRICS & GYNAECOLOGY /
_cNULL.
_hTextual Documents
260 _aNULL :
_bCENTRAL BOOK SUPP. (CBS) ,
_c1992.
300 _a236 :
_bXVIII ;
_cA4 .
365 _a895.00
930 _a3787
999 _c798321
_d798321
650 _aOBST.GYNE